Daily Country Riddle #88 - Statistics

General Stats
  • This quiz has been taken 150 times
  • The average score is 14 of 17
Answer Stats
Type Answer % Correct
Found Letter A
100%
Found Letter A
95%
Correctly Placed Letter A
86%
Found Letter G
85%
Found Letter R
85%
Found Letter A
83%
Found Letter U
83%
Found Letter P
82%
Correctly Placed Letter P
81%
Correctly Placed Letter A
80%
Correctly Placed Letter R
80%
Found Letter Y
80%
Correctly Placed Letter A
77%
Correctly Placed Letter G
77%
Mystery Country Paraguay
77%
Correctly Placed Letter U
77%
Correctly Placed Letter Y
77%
No matching quizzes found
Score Distribution
Percent of People with Each Score
Percentile by Number Answered
Your Score History
You have not taken this quiz